Catálogo
 En Linea

Peregrinación dominicana : (Registro nro. 13874)

Detalles MARC
000 -CABECERA
campo de control de longitud fija 00588nam a2200181 a 4500
001 - NÚMERO DE CONTROL
campo de control 000014278
005 - FECHA Y HORA DE LA ÚLTIMA TRANSACCIÓN
campo de control 20210326154637.0
008 - DATOS DE LONGITUD FIJA--INFORMACIÓN GENERAL
campo de control de longitud fija 091209s1978 dr a 000 0 spa d
040 ## - FUENTE DE LA CATALOGACIÓN
Centro catalogador/agencia de origen DO-SdBNP
Lengua de catalogación spa
Centro/agencia transcriptor BNPHU
082 ## - NÚMERO DE LA CLASIFICACIÓN DECIMAL DEWEY
Número de clasificación xxxx
Número de documento/Ítem P762p
049 ## - FONDOS LOCALES (OCLC)
Fondos de biblioteca BNPD
100 ## - ENTRADA PRINCIPAL--NOMBRE DE PERSONA
Nombre de persona Polanco Brito, Hugo E.
9 (RLIN) 7924
245 10 - MENCIÓN DE TÍTULO
Título Peregrinación dominicana :
Resto del título Roma-Tierra Santa /
Mención de responsabilidad, etc. Hugo E. Polanco Brito.
260 ## - PUBLICACIÓN, DISTRIBUCIÓN, ETC.
Lugar de publicación, distribución, etc. Santo Domingo :
Nombre del editor, distribuidor, etc. Tele-3,
Fecha de publicación, distribución, etc. 1978.
300 ## - DESCRIPCIÓN FÍSICA
Extensión 94 p. :
Otras características físicas ils. ;
Dimensiones 21 cm.
500 ## - NOTA GENERAL
Nota general Incluye datos biográficos del autor en la contracubierta
504 ## - NOTA DE BIBLIOGRAFÍA, ETC.
Nota de bibliografía, etc. Incluye bibliografías (p. 91)
Existencias
Estado de retiro Estado de pérdida No para préstamo Código de colección Localización permanente Ubicación/localización actual Ubicación en estantería Fecha de adquisición Número de inventario Total de préstamos Signatura topográfica completa Código de barras Fecha visto por última vez Precio válido a partir de Tipo de ítem Koha
    Excluido de préstamo Patrimonio Dominicano Patrimonio Dominicano Patrimonio Dominicano En catalogación 09.12.2009 LF1   xxxx P762p 14278-10 25.06.2020 25.06.2020 Libro y Folleto Colección Patrimonio Dominicano

Con tecnología Koha